UBT Library

Focus on nursing pharmaacologj; (Record no. 1592)

000 -LEADER
fixed length control field 00292nam a22001217a 4500
008 - FIXED-LENGTH DATA ELEMENTS--GENERAL INFORMATION
fixed length control field 160426b xxu||||| |||| 00| 0 eng d
020 ## - INTERNATIONAL STANDARD BOOK NUMBER
International Standard Book Number 9780781790475
020 ## - INTERNATIONAL STANDARD BOOK NUMBER
International Standard Book Number 0781790476
041 ## - LANGUAGE CODE
Language code of text/sound track or separate title eng
080 ## - UNIVERSAL DECIMAL CLASSIFICATION NUMBER
Universal Decimal Classification number 618.2
245 10 - TITLE STATEMENT
Title Focus on nursing pharmaacologj;
Statement of responsibility, etc Amy M. Karch;
942 ## - ADDED ENTRY ELEMENTS (KOHA)
Source of classification or shelving scheme
Item type Books
Holdings
Withdrawn status Lost status Source of classification or shelving scheme Damaged status Not for loan Collection code Permanent location Current location Shelving location Date acquired Total Checkouts Full call number Barcode Date last seen Price effective from Koha item type
          Koleksioni i përgjithshem UBT - Lipjan UBT - Lipjan Koleksioni i përgjithshem 04/26/2016   618.2 KAR 002-027839 01/05/2017 04/26/2016 Books
          Koleksioni i përgjithshem UBT - Lipjan UBT - Lipjan Koleksioni i përgjithshem 04/28/2016   618.2 KAR 002-028075 01/05/2017 04/28/2016 Books
          Koleksioni i përgjithshem UBT - Lipjan UBT - Lipjan Koleksioni i përgjithshem 02/26/2021   615 KAR 002-6000706 02/26/2021 02/26/2021 Books
          Koleksioni i përgjithshem UBT - Lipjan UBT - Lipjan   03/17/2023   610.73KAR 002-80001022 03/17/2023 03/17/2023 Books
UBT Library © 2015-2024. All rights reserved University Education for Business and Technology